Animals That Start With 'Red' - Statistics

General Stats
  • This quiz has been taken 27 times
  • The average score is 4 of 15
Answer Stats
Picture Answer % Correct
Red Panda
95%
Red Fox
71%
Red Squirrel
62%
Red Deer
38%
Redheaded Woodpecker
14%
Redpoll
14%
Red-billed Hornbill
10%
Red Humboldt Squid
10%
Red-tailed Hawk
10%
Red Avadavat
5%
Red-headed Finch
5%
Red Rat Snake
5%
Red-shouldered Hawk
5%
Red Spotted Newt
5%
Red Wattle Hog
5%
No matching quizzes found
Score Distribution
Percent of People with Each Score
Percentile by Number Answered
Your Score History
You have not taken this quiz